000 00408nam a2200121Ia 4500
008 220616s9999||||xx |||||||||||||| ||und||
100 _aBin Wu
245 0 _aAdvances in Embryo Transfer
546 _aEnglish[eng]
650 _aLife Sciences||Embryology||Genetics and Molecular Biology||Biochemistry||Microbial Genetics
856 _uhttps://www.intechopen.com/books/advances-in-embryo-transfer
942 _cEB
999 _c20871
_d20871